00286nam a2200097Ia 4500001000800000005001700008008004100025020001800066245008200084260002200166126283920260417141837.0260417s9999 xx 000 0 und d a9789754739589 0aHz. Enes bin Malik - Peygamberimiz'in İzinde 40 Sahabi/39cMahmut Kelpetin bBeyan Yayınları